00706nam a2200193Ia 4500001000700000003000500007008004100012010001100053040000900064100003800073245013900111260004100250300003100291502007600322650002300398650002700421650002100448650004300469Z_2338CHAP220113s1989 xx 000 0 und d a165395 cCHAP aMoreno Hernández, Jorge Orlando aEvaluación del impacto del crédito en explotaciones bovinas de carne y doble propósito /cpor Jorge Orlando Moreno Hernández aChapingo, Méx. :bEl autor,c1989 a58 h. : bilus. ; gráfs. aTesis (Ing. Agr. Esp. en Zootecnia) -- UACH. Departamento de Zootecnia aCrédito ganadero aGanaderíaxFinanzas  aGanado de carne  aGanado lecheroxAspectos económicos